| 000 | 01070cam a2200265 4500 | ||
|---|---|---|---|
| 001 | 3254 | ||
| 005 | 20181127170852.0 | ||
| 008 | 110914s2011 nyu b 000 0 eng d | ||
| 010 | _a 2011284214 | ||
| 020 | _a0451531841 | ||
| 020 | _a9780451531841 | ||
| 100 | 1 |
_aMarx, Karl, _d1818-1883. |
|
| 240 | 1 | 0 |
_aManifest der Kommunistischen Partei. _lEnglish |
| 245 | 1 | 4 |
_aThe Communist manifesto / _cKarl Marx and Friedrich Engels ; with an introduction by Martin Malia and a new afterword by Stephen Kotkin. |
| 260 |
_aNew York, N.Y. : _bSignet Classics, _c2011. |
||
| 300 |
_a127 p. ; _c18 cm. |
||
| 490 | 1 | _aSignet classics | |
| 504 | _aIncludes bibliographical references. | ||
| 520 | _aThe political tract in which Marx presented the core of his philosophy and revolutionary program, with an introduction analyzing its significance to the realities of today and to Marx's own times. | ||
| 650 | 0 | _aCommunism. | |
| 700 | 1 |
_aEngels, Friedrich, _d1820-1895. |
|
| 700 | 1 | _aKotkin, Stephen. | |
| 700 | 1 |
_aMalia, Martin E. _q(Martin Edward) |
|
| 830 | 0 | _aSignet classic. | |
| 999 |
_c2631 _d2631 |
||